000 00368nam a2200157Ia 4500
100 _aRamachandran/J
942 _cBK
366 _f15
654 _afinite element
245 _aBoundary and finite elements:Theory and problelms
260 _bNarosa Publication House
_aMumbai
_c2000
082 _a620.0015/RAM
300 _a357
546 _aENGLISH
999 _c20107
_d20107